| 000 | 00855nam a2200241Ia 4500 | ||
|---|---|---|---|
| 005 | 20220829160025.0 | ||
| 008 | 210716s2008 xx 000 0 und d | ||
| 020 | _a9788120335950 | ||
| 040 | _cAIMIT LIBRARY | ||
| 041 | _aeng | ||
| 082 |
_a574.80285 _23 _bRASS |
||
| 100 |
_aRastogi, S C. _955962 |
||
| 245 |
_aBioinformatics methods and applications : _bgenomics proteomics and drug discovery / _cBy S C Rastogi, Namitha Mendiratta and Parag Rastogi. |
||
| 250 | _a3rd ed. | ||
| 260 |
_aNew Delhi : _bPHI Learning Pvt Ltd , _c2008. |
||
| 300 |
_axvi, 524p. ; _c23 cm. |
||
| 650 |
_aProfiles and hidden markov models _955963 |
||
| 650 |
_aProtein structure prediction _955964 |
||
| 650 |
_aComputer- aided drug design _955965 |
||
| 700 |
_aMendiratta, Namita. _955966 |
||
| 700 |
_aRastogi, Parag. _955967 |
||
| 942 |
_2ddc _cBK _e3rd _k574.80285 RASS |
||
| 999 |
_c190927 _d190927 |
||